| 000 | 00635nam a2200193Ia 4500 | ||
|---|---|---|---|
| 003 | GCL | ||
| 008 | 140319s9999 xx 000 0 ara d | ||
| 020 | _a4972270977 | ||
| 040 |
_aGCL / _cGCL |
||
| 082 | 0 | 4 |
_a818 _bع أ |
| 100 | 1 | _aعبدالوهاب مطاوع | |
| 245 | 1 | 0 |
_aارض الاحزان : _bاعمال لم تنشر / _cعبدالوهاب مطاوع |
| 250 | _aالاولى | ||
| 260 |
_aالقاهرة : _bالدار المصرية اللبنانية ، _c2006 |
||
| 300 |
_a192ص ؛ _c20سم |
||
| 650 | 0 | 4 | _aالقصص العربية |
| 650 | 0 | 4 | _aالمقالات العربية - مجموعات |
| 942 |
_2ddc _cBK |
||
| 999 |
_c9878 _d9878 |
||